00557nam a2200169Ia 4500008004100000040001600041041001200057082001700069100002000086245006900106250001200175260003000187300001100217942000700228952013500235999001700370230917s9999||||xx |||||||||||||| ||und|| e78454aMAIN aEnglish a346.086 S34P aSrinivasan, M N 0aPrinciples of insurance law: life-fire marine motor and accident a5th ed. aBangalorebRamanujac1992 a498 p. cBK 0010406346_086000000000000_S34P709104024aMAINbMAINd2003-03-05l0o346.086 S34Pp138234r2023-09-17 20:52:28w2023-09-17yBK c65833d65833